Faune piscicole - Espèces - Statistiques

Statistiques générales
  • Ce quiz a été pris 51 fois
  • Le résultat moyen est 12 sur 44
Statistiques - réponses
Par images Réponse % Correct
Poisson-chat
84%
Brochet
74%
Anguille
68%
Carpe
63%
Esturgeon
58%
Perche
53%
Lamproie
47%
Chabot
42%
Épinoche
42%
Truite arc-en-ciel
42%
Rotengle
37%
Saumon
37%
Barbeau
32%
Goujon
32%
Perche soleil
32%
Sandre
32%
Tanche
32%
Grémille
26%
Lotte
26%
Vairon
26%
Épinochette
21%
Gardon
21%
Ombre
21%
Silure glane
21%
Ablette commune
16%
Bouvière
16%
Brème commune
16%
Carassin
16%
Hotu
16%
Loche d'étang
16%
Loche franche
16%
Truite de mer
16%
Truite fario
16%
Aspe
11%
Brème bordelière
11%
Chevesne
11%
Omble chevalier
11%
Omble de fontaine
11%
Vandoise
11%
Ablette spirlin
5%
Ide melanote
5%
Able de Heckel
0%
Corégone
0%
Poisson-chien
0%
Aucun quiz correspondant
Distribution des résultats
% des personnes avec chaque résultat
Percentile par nombre de réponses
Votre historique - résultats
Vous n’avez pas pris ce quiz